00450nam a2200133 a 450000100080000000500110000800800410001910000250006024501360008526000300022130000100025150000290026165300260029010112752008-06-24 1979 bl uuuu m 00u1 u #d1 aARAUJO, M. O. C. de. aEvolucao administrativa da pesquisa agropecuaria no ambito do Ministerio da Agricultura no periodo de 1938/1978bum estudo de caso. aRio de Janeiro: FGVc1979 a100p. aDissertacao de mestrado. aPESQUISA AGROPECUARIA